MDQL
is popping MORE tags! Check the
thread
!
Quizzes
Events
Quiz Creation
Community
Videos
Private Events
Remove Ads
Sign In
Join for FREE
Feedback
Dark Mode
Quiz Categories
Sports
Geography
Music
Movies
Television
Just For Fun
Miscellaneous
History
Literature
Language
Science
Gaming
Entertainment
Religion
Holiday
For Kids
Quiz Lab
Recent
Popular Today
Quiz Kudos Today
Editor Picks
Curator Picks
Quizzes by...
Day
Popularity
Type
Ratings
Length
Year
Community
Subscriptions
Recent Discussions
Orange Saloon
Badges
Playlists
Quests
Create
Leaderboards
Showdown
Live 5
Trivia Bingo
Activity
Puzzle Library
Sporcle Events
Private Events
Virtual Trivia
Globe League
Become a Host
Pub Owners
SporcleCon
Opinionation
Our Games
Videos
Blog
Mobile Apps
Partnerships
Remove Ads and Go Orange
Feedback
Language
Vocabulary
Begins and Ends
Definition
Spanish
French
German
Italian
Chinese
Latin
Translation
Japanese
Language
Vocabulary
Begins and Ends
Definition
Spanish
French
German
Italian
Chinese
Latin
Translation
Japanese
Random Quiz
Search Sporcle
×
Quiz Lab
Quiz Lab
Language
decline
Type in answers that appear in a list
Type in answers that appear in a list
Classic
Best Score? Go Orange.
Decline qui, quae, quod Stats
Can you decline qui, quae, quod?
By
rrosenthal
10m
30 Questions
517 Plays
517 Plays
517 Plays
Comments
Comments
Give Quiz Kudos
Give Quiz Kudos
-
- Ratings
hide this ad
Forced Order
Answers have to be entered in order
Answers have to be entered in order
Replay
Link that replays current quiz
Next Quiz
Link to next quiz in quiz playlist
You Got
0%
They Got
Avg Score
85%
Avg Friend Score
Upgrade to see
Score Distribution
Jump to the score distribution portion of the page
Score
0/30
Timer
10:00
0
Plays Today
Hint
Answer
% Correct
Who (Masc. nom. sing)
qui
99.4%
Who (fem. nom. sing.)
quae
98.2%
Which (neut. nom. sing.)
quod
97.2%
Whose (masc. gen. sing.)
cuius
94.1%
Whose (fem. gen. sing.)
cuius
93.5%
of which (neut. gen. sing.)
cuius
92.9%
To whom (masc. dat. sing.)
cui
91.9%
To whom (fem. dat. sing)
cui
91.7%
To which (neut. dat. sing.)
cui
91.3%
Whom (fem. acc. sing.)
quam
89.1%
which (neut. acc. sing.)
quod
88.5%
Whom (masc. acc. sing.)
quem
88.3%
by whom (masc. abl. sing)
quo
86.4%
by whom (fem. abl. sing.)
qua
86.4%
by which (neut. abl. sing.)
quo
86.4%
Hint
Answer
% Correct
who (masc. nom. pl.)
qui
83%
who (fem. nom. pl.)
quae
83%
whose (masc. gen. pl.)
quorum
81.6%
whose (fem. gen. pl.)
quarum
81.6%
of which (neut. gen. pl.)
quorum
81.6%
which (neut. nom. pl.)
quae
81.2%
to whom (masc. dat. pl.)
quibus
79.1%
to whom (fem. dat. pl.)
quibus
79.1%
to which (neut. dat. pl.)
quibus
79.1%
by whom (masc. abl. pl.)
quibus
75.9%
by whom (febm. abl. pl.)
quibus
75.9%
by which (neut. abl. pl.)
quibus
75.9%
whom (masc. acc. pl.)
quos
74.5%
whom (fem. acc. pl.)
quas
74.5%
which (neut. acc. pl.)
quae
74.5%
Quiz Playlist
Details
Report
Send in Message
Add To Playlist
Classic:
Type in answers that appear in a list
Forced Order:
Answers have to be entered in order
Last Updated: May 3, 2017
Quiz Scoreboard
CHALLENGE
Sign Up to Join the Scoreboard
Show All
Scores
Hide
Comments
May contain spoilers
Recently Published
5x2 Blitz: Bands
by SL_Kpop136
Music
30s
Colored Red Africa Blitz
by spor1
Geography
30s
Find the 'City' Movie
by crazypaving
Movies
60s
More to Explore
Quiz From the Vault
Featured Blog Post
14 Easter Pick-up Lines to Find Eggs With
hide this ad
You Might Also Like...
Tags
decline
Qui
Today's Top Quizzes in Language
Browse Language
hide this ad
Top Contributed Quizzes in Language
1
1-10 Letter F Words III
2
1-10 Letter G Words III
3
1-10 Letter H Words III
4
1-10 Letter I Words III
5
Celtic Nations in their Language
6
Alphabetize! : 'As' words
7
1-10 Letter J Words III
8
One Thing in Common: Italy
9
1-10 Letter K Words III
10
Order Up: Top 10 Most Native Spoken Languages
Explore More
Trending Topics
Marvel
NBA
Harry Potter
Kpop
Crossword
Anime
Disney
Country
Puzzle
NFL
Pokémon
WWE
Song
The Office
Soccer
hide this ad
More By:
rrosenthal
Quiz
Plays
Rating
Category
Featured
Created
Conjugate sum in the present tense
1,351
5.00
Language
Sep 16, 2017
Conjugate LMN paro in present active
1,180
4.25
Language
May 21, 2020
Decline ego
551
4.50
Language
May 4, 2017
Decline qui, quae, quod
517
5.00
Language
May 3, 2017
Decline Amicus without vocative
484
5.00
Language
Jul 15, 2021
Go to Creator's Profile
Score Distribution
Quiz Creator Spotlight
rrosenthal
Follow
Send a Message
Quizzes Created
-
Created Quiz Play Count
-
More By This Creator
Popular Quizzes Today
1
5x2 Blitz: Bands
2
Find the 'City' Movie
3
Find the US States - No Outlines Minefield
4
Colored Red Africa Blitz
5
The Countries of the World
6
Find the US States
7
Risky Map Clicking: Biggest States A-Z
8
9x9 Crossword: Cartoon Network
More Language Quizzes
Absolute Adjectives
Published
Trending Quizzes
Colored Red Africa Blitz II
Colored Red Europe Blitz I
Find the 'Dark' Movie
Find the 'Day' Movie
Find the 'Good' Movie
Recently Updated
Champions League XIs: Real Madrid
pecheneg
Largest US Cities 1790-2010
pecheneg
Rides in Walt Disney World
pecheneg
Most Oscar Losses (Acting)
pecheneg
Beyoncé Albums
pecheneg
Leaping Animals
pecheneg
Reality TV Shows (A-Z)
bhenderson79
Rickey Henderson's Hall of Fame Teammates
pecheneg
Champions League XIs: Arsenal
pecheneg
Quick Pick: Celebrities in WWE's Hall of Fame
aduchscher
Trending Topics
Disney
Harry Potter
Marvel
Kpop
Crossword
Anime
NBA
Pokémon
WWE
Song
NFL
Puzzle
Soccer
Country
The Office
Your Account Isn't Verified!
In order to create a playlist on Sporcle, you need to verify the email address you used during registration. Go to your
Sporcle Settings
to finish the process.
Report this User
Report this user for behavior that violates our
Community Guidelines
.
Details:
Send Report
Go to the Sporcle.com Mobile Site →
Comments